00469nam a2200181 a 450000100060000000300090000600800410001502000140005604000280007008200160009810000500011424500270016425000060019126000450019730000090024249000140025165000220026510843CO-ViMGA141112s2004 ck r 000 u spa d a980010092 aCO-ViMGAbspacCO-ViMGA04aV861.6 G37m1 aGerbasi ; Vicente, Iribarren Borges Ignacio, 10aMi padre el inmigrante a1 aCaracas : bMonte Avila Editores, c1986 a90p. aEl Dorado14aPOESIA VENEZOLANA